000 00531nam a22001817a 4500
999 _c143457
_d143457
005 20230320145946.0
010 _aENG-119856
020 _a9788184654455
_c95.00
035 _aEN-103388
037 _bDBAD/PUB
082 _a241.68
100 _aSatish Chandra Gyan
245 _aGod's alternative food policy /
_cby Satish Chandra Gyan
260 _aKolkata
_bISPCK
_c2014
270 _a1584,1654,Madarsa Road,Kahmere Gate
_bDelhi
_e110006
300 _axvi,80p
_c21cm.(pbk)
942 _2ddc
_cEN
_h241.68
_mSAT